[Event "Verona Province-ch"]
[Site "Zevio Verona"]
[Date "2014.01.26"]
[Round "5"]
[White "Bartiromo, Gerardo"]
[Black "Morandini, Alessandro"]
[Result "1-0"]
[WhiteElo "1676"]
[BlackElo "1307"]
[PlyCount "59"]
[EventDate "2014.01.18"]
[EventType "swiss"]
[EventRounds "6"]
[EventCountry "ITA"]
[SourceTitle "EXT 2015"]
[Source "ChessBase"]
[SourceDate "2014.11.20"]
[SourceVersion "1"]
[SourceVersionDate "2014.11.20"]
[SourceQuality "1"]

1. d4 b6 2. e4 Bb7 3. Bd3 e6 4. Nf3 Nf6 5. Bg5 h6 6. Bxf6 gxf6 7. Nbd2 d5 8. exd5 Bxd5 9. c4 Bb7 10. 0-0 Nd7 11. Re1 Qe7 12. d5 e5 13. Nd4 Nc5 14. Nf5 Qd7 15. Bc2 0-0-0 16. Ng3 Kb8 17. b4 Na6 18. a3 c6 19. Bf5 Qd6 20. Nde4 Qc7 21. Rc1 Qe7 22. d6 Rxd6 23. Nxd6 Qxd6 24. Qxd6+ Bxd6 25. Rcd1 Kc7 26. Ne4 Rd8 27. Nxf6 c5 28. b5 Nb8 29. Ne4 Bxe4 30. Bxe4 1-0

[Event "Verona Province-ch"]
[Site "Zevio Verona"]
[Date "2014.01.18"]
[Round "1"]
[White "Fiscato, Claudio"]
[Black "Morandini, Alessandro"]
[Result "1-0"]
[WhiteElo "1768"]
[BlackElo "1307"]
[PlyCount "55"]
[EventDate "2014.01.18"]
[EventType "swiss"]
[EventRounds "6"]
[EventCountry "ITA"]
[SourceTitle "EXT 2015"]
[Source "ChessBase"]
[SourceDate "2014.11.20"]
[SourceVersion "1"]
[SourceVersionDate "2014.11.20"]
[SourceQuality "1"]

1. e4 b6 2. d4 Bb7 3. Bd3 e6 4. Nf3 Nf6 5. Qe2 Be7 6. 0-0 c5 7. c3 0-0 8. Nbd2 d6 9. Rd1 cxd4 10. cxd4 Nc6 11. Nf1 Nb4 12. Bb1 d5 13. e5 Ne4 14. a3 Ba6 15. Qe1 Nc6 16. Bxe4 dxe4 17. Qxe4 Qc7 18. Be3 Rfd8 19. Rac1 Rac8 20. b4 Rd5 21. Bf4 Qd7 22. Ne3 Be2 23. Nxd5 Bxd1 24. Nxe7+ Nxe7 25. Rxd1 Nd5 26. Bd2 Qa4 27. Ra1 h6 28. Qe1 1-0

[Event "Verona Province-ch"]
[Site "Zevio Verona"]
[Date "2013.01.25"]
[Round "4"]
[White "Morandini, Alessandro"]
[Black "Baldaccini, Franco"]
[Result "1/2-1/2"]
[WhiteElo "1308"]
[BlackElo "1664"]
[PlyCount "34"]
[EventDate "2013.01.12"]
[EventType "swiss"]
[EventRounds "6"]
[EventCountry "ITA"]
[SourceTitle "EXT 2024"]
[Source "ChessBase"]
[SourceDate "2023.10.10"]
[SourceVersion "1"]
[SourceVersionDate "2023.10.10"]
[SourceQuality "1"]

1. d4 d5 2. Nf3 Nf6 3. e3 e6 4. Bd3 c5 5. c3 Nc6 6. Nbd2 a6 7. 0-0 b5 8. dxc5 Bxc5 9. Re1 0-0 10. h3 Ba7 11. e4 Bb7 12. e5 Nd7 13. Nb3 Re8 14. Bxh7+ Kxh7 15. Ng5+ Kh8 16. Qh5+ Kg8 17. Qxf7+ Kh8 1/2-1/2